| 000 | 00520nam a22001697a 4500 | ||
|---|---|---|---|
| 005 | 20251108173517.0 | ||
| 008 | 250721s2007 xx 000 0 ara d | ||
| 082 | 1 | 4 | _a676.2/ عبي |
| 100 | 1 | _aعبيد، هبة | |
| 245 | 1 | 0 | _aصناعة الورق و الطباعة / |
| 264 | 1 |
_aعمان : _bدار اليازوري العلمية للنشرو التوزيع، _c2007. |
|
| 300 | _a208ص. | ||
| 650 | 1 | 7 | _aصناعة الورق و لب الورق |
| 650 | 1 | 7 | _aالورق |
| 942 |
_2ddc _cBK |
||
| 999 |
_c105614 _d105614 |
||